| 000 | 00776nam a2200253 c 4500 | ||
|---|---|---|---|
| 003 | BLK | ||
| 005 | 20190913121248.0 | ||
| 008 | 180911b bul|||||r ||||||| ||bul|| | ||
| 010 | _a003415 | ||
| 040 | _aBLK | ||
| 041 | _aDEU | ||
| 080 | _z017.4(430) | ||
| 100 | 1 |
_aNIEMEYER, Max _eпърви автор |
|
| 245 | 0 | 0 | _aVerlagskatalog von Max Niemeyer in Halle-Salle |
| 246 | _a1870 - 1930 | ||
| 260 |
_aHalle _bMax Niemeyer _c1930 _fHalle : Krober [and] Nietschmann |
||
| 300 |
_a380 с., 1 л _bпортр. _c22 см |
||
| 380 | _a0 | ||
| 490 |
_aЧастна колекция - Академик Михаил Арнаудов _gДарение - Основен фонд |
||
| 655 | _aПечат | ||
| 700 | 1 | _aMax Niemeyer | |
| 852 | _aМА 2856 | ||
| 942 |
_cKNG _n0 |
||
| 944 |
_aCR _c1994 |
||
| 999 |
_c343754 _d343754 |
||